Propositions de noms pour les stations du métro - Grand Paris Express - Statistiques

Statistiques générales
  • Ce quiz a été pris 79 fois
  • Le résultat moyen est 8 sur 21
Statistiques - réponses
Question Réponse % Correct
Saint-Denis - Pleyel ⓮ ⓯ ⓰ ⓱ ›Nom définitif choisi Saint-Denis - Pleyel
94%
Kremlin-Bicêtre - Hôpital ⓮ ›Nom définitif choisi Hôpital Bicêtre
89%
Maison Blanche - Paris XIIIème ⓮ ›Nom définitif choisi Maison Blanche
89%
Pont de Rungis ⓮ ›Nom définitif choisi Thiais - Orly
89%
Villejuif IGR ⓮ ⓯ ›Nom définitif choisi Villejuif - Gustave Roussy
89%
M.I.N. Porte de Thiais ⓮ ›Nom définitif choisi Chevilly-Larue
83%
Le Bourget Aéroport ⓱ ›Proposition inventée Le Bourget - Aéroport
56%
Bry - Villiers - Champigny ⓯ ›Proposition inventée Bry - Villiers - Champigny
44%
Satory ⓲ ›Proposition inventée Bois des Gonards
22%
Champigny Centre ⓯ ›Proposition inventée Champigny - Le Plant
22%
Palaiseau ⓲ ›Proposition inventée Palaiseau - Polytechnique
22%
Saint-Quentin Est ⓲ ›Proposition inventée Guyancourt - Villaroy
17%
Le Blanc-Mesnil ⓰ Parc Jacques Duclos
17%
Aulnay ⓰ ›Proposition inventée Parinor
17%
Rueil - Suresnes Mont Valérien ⓯ ›Proposition inventée Quartier Mont Valérien
17%
Drancy - Bobigny ⓯ ›Proposition inventée Petit Drancy
11%
Nanterre - La Boule ⓯ ›Proposition inventée Pont de Pierre
11%
Antonypole ⓲ ›Proposition inventée Vieux Wissous
11%
Orsay - Gif ⓲ ›Proposition inventée Avenue des Sciences
6%
Massy - Opéra ⓲ ›Proposition inventée Massy - Frères Pereire
6%
CEA Saint-Aubin ⓲ ›Proposition inventée Saclay Centre
6%
Aucun quiz correspondant
Distribution des résultats
% des personnes avec chaque résultat
Percentile par nombre de réponses
Votre historique - résultats
Vous n’avez pas pris ce quiz